书目信息 |
| 题名: |
列夫·托尔斯泰文集
|
|
| 作者: | 托尔斯泰 , Толстой 著 ;潘安荣 译 | |
| 分册: | 第二卷 中短篇小说集 | |
| 出版信息: | 北京 人民文学出版社 1987 |
|
| 页数: | 436页 | |
| 开本: | 20cm | |
| 丛书名: | ||
| 单 册: | ||
| 中图分类: | I512.14 | |
| 科图分类: | ||
| 主题词: | 长篇小说--俄国--近代 , 文学 | |
| 电子资源: | ||
| ISBN: | ||
| 000 | 01074nam0 2200337 45 | |
| 001 | 0187005663 | |
| 005 | 20040409145135.0 | |
| 010 | @dCNY3.00 | |
| 091 | @a10019.4111 | |
| 100 | @a19901007d1987 em y0chiy0121 ea | |
| 101 | 1 | @achi@crus |
| 102 | @aCN@b110000 | |
| 105 | @af z 000ay | |
| 106 | @ar | |
| 200 | 10 | @a列夫·托尔斯泰文集@Alie fu · tuo er si tai wen ji@h第二卷@i中短篇小说集@h上@i1852-1856@f(俄)托尔斯泰(Толстой,Л.Н.)著@g潘安荣等译 |
| 210 | @a北京@c人民文学出版社@d1987 | |
| 215 | @a436页@c图@d20cm | |
| 300 | @a书名原文: Война и мир | |
| 510 | 1 | @aВойна и мир@zrus |
| 517 | 1 | @a战争与和平@Azhan zheng yu he ping |
| 517 | @a中短篇小说集@AZhong Duan Pian Xiao Shuo Ji | |
| 517 | @a1852-1856 | |
| 606 | @a长篇小说@y俄国@z近代 | |
| 606 | 0 | @a文学 |
| 690 | @aI512.14 | |
| 701 | 1 | @a托尔斯泰@Atuo er si tai@bЛ.Н.@4著 |
| 701 | A1 | @aТолстой@bЛ.Н.@4著 |
| 702 | 0 | @a潘安荣@APan An Rong@4译 |
| 801 | 0 | @aCN@b深圳图书馆@c20040409 |
| 801 | 2 | @aCN@bNLC@c20040409 |
| 905 | @f2@b167003-004@dI512.14@e295:2 | |
| 列夫·托尔斯泰文集.第二卷.中短篇小说集.上.1852-1856/(俄)托尔斯泰(Толстой,Л.Н.)著/潘安荣等译.-北京:人民文学出版社,1987 |
| 436页:图;20cm |
| 书名原文: Война и мир |
| ISBN :CNY3.00 |
| ● |
| 相关链接 |
|
|
|
|
正题名:列夫·托尔斯泰文集
索取号:I512.14/295:2
 
预约/预借
| 序号 | 登录号 | 条形码 | 馆藏地/架位号 | 状态 | 备注 |
| 1 | 0167003 | 000655712 | 第二借阅区/ [索取号:I512.14/295:2] | 在馆 | |
| 2 | 0167004 | 000655730 | 第二借阅区/ [索取号:I512.14/295:2] | 在馆 | |
| 3 | 0167005 | 000655721 | 第一样本阅览室/ [索取号:I512.14/295:2] | 在馆 |